<?xml version="1.0" encoding="UTF-8"?>
<marc:record xmlns:marc="http://www.loc.gov/MARC21/slim">
   <marc:leader>00000nam a2200000 a 4500</marc:leader>
   <marc:datafield ind1="1" ind2=" " tag="100">
      <marc:subfield code="a">Kock, Hauke</marc:subfield>
      <marc:subfield code="4">aut</marc:subfield>
      <marc:subfield code="e">Verfasser/-in</marc:subfield>
   </marc:datafield>
   <marc:datafield ind1=" " ind2=" " tag="653">
      <marc:subfield code="a">Wikinger</marc:subfield>
   </marc:datafield>
   <marc:datafield ind1="0" ind2="0" tag="245">
      <marc:subfield code="a">Wikinger</marc:subfield>
   </marc:datafield>
   <marc:datafield ind1="0" ind2="0" tag="245">
      <marc:subfield code="c">Text und Ill. von Hauke Kock</marc:subfield>
   </marc:datafield>
   <marc:datafield ind1=" " ind2="1" tag="264">
      <marc:subfield code="a">München</marc:subfield>
      <marc:subfield code="b">Cbj</marc:subfield>
      <marc:subfield code="c">2022</marc:subfield>
   </marc:datafield>
   <marc:datafield ind1="1" ind2=" " tag="490">
      <marc:subfield code="a">Frag doch mal... die Maus</marc:subfield>
   </marc:datafield>
   <marc:datafield ind1="1" ind2=" " tag="520">
      <marc:subfield code="a">Quelle: bn.bibliotheksnachrichten (http://www.biblio.at/literatur/bn/index.html); #Autor: Rebecca Englert; #Mit der Maus aus der "Sendung mit der Maus" auf Entdeckungsreise! (ab 8) (JG)##Dank einer gewissen Zeichentrickserie sind sie ein Dauerbrenner: die Wikinger. Wie haben die Wikinger wirklich gelebt, wie war das, wenn sie raubend und brandschatzend andere Völker überfielen? Was und wie haben sie gegessen, welche Götter haben sie verehrt? Bis hin zu der Frage, warum es heute keine Wikinger mehr gibt, ist das Thema kindgerecht und spannend aufbereitet.#Das Kinder-Sachbuch enthält viel Text, aber auch viele anschauliche Illustrationen. Bedruckte Zwischenfolien und ausklappbare Seiten steigern den Unterhaltungswert. Hinten im Buch findet sich ein schönes mittelgroßes Poster, das sich für "Büchereizwecke" eventuell durch eine A3-Kopie ersetzen oder ergänzen lässt. Empfehlenswert ab 8 Jahren.</marc:subfield>
   </marc:datafield>
   <marc:datafield ind1=" " ind2=" " tag="020">
      <marc:subfield code="a">9783570138434</marc:subfield>
      <marc:subfield code="9">9783570138434</marc:subfield>
   </marc:datafield>
   <marc:datafield ind1=" " ind2=" " tag="041">
      <marc:subfield code="a">ger</marc:subfield>
   </marc:datafield>
   <marc:datafield ind1=" " ind2=" " tag="300">
      <marc:subfield code="a">55 S.</marc:subfield>
   </marc:datafield>
</marc:record>
